[Event "EOC-ch Playoff-B 2021"]
[Site "Online"]
[Date "2021.03.29"]
[Round "3.10"]
[White "Lagarde, Maxime"]
[Black "Mammadzada, Gunay"]
[Result "0-1"]
[WhiteElo "2640"]
[BlackElo "2443"]
[Annotator "TA"]
[PlyCount "122"]
[EventDate "2021.03.29"]
[EventType "team-tourn"]
[EventCountry "NET"]
[SourceTitle "playchess.com"]
[Source "ChessBase"]
[SourceQuality "1"]

{[%evp 9,122,18,16,0,0,0,0,-5,26,26,53,-9,0,-7,0,0,0,-20,-11,-49,-56,-53,-28,-82,-55,-62,-60,-65,-15,-246,-264,-262,-233,-656,-629,-623,-415,-911,-697,-414,-700,-697,-685,-727,-710,-753,-754,-750,-741,-715,-659,-756,-652,-29999,-856,-825,-795,-786,-793,-912,-918,-922,-930,-936,-936,-1078,-1069,-1125,-1054,-1135,-1134,-1060,-943,-912,-853,-878,-879,-895,-892,-897,-833,-888,-875,-872,-868,-1074,-1056,-1280,-1239,-1197,-1013,-1156,-995,-1172,-1164,-1341,-1330,-1532,-1427,-5956,-5873,-6174,-5174,-29990,-29991,-29991,-29991,-29994,-29991,-29997,-29998,-29998,-29999,-29999,-29999]} 1. e4 c5 2. Nc3 d6 3. Nf3 Nf6 4. d4 cxd4 5. Qxd4 a6 6. Bc4 {B53: Sicilian: 2...d6: Lines with Qxd4.} Nc6 7. Qd3 e6 8. Bf4 {The position is equal.} Be7 9. O-O-O {[%cal Rf4d6]} Ng4 {[#]} 10. Qe2 $146 (10. Bxd6 $2 Nxf2 11. Qd2 Nxd1 $19) ({Better is} 10. Rhf1 $14) ({Predecessor:} 10. Rhf1 Na5 11. h3 Nf6 12. Bb3 Nxb3+ 13. axb3 e5 14. Bg5 Be6 15. Bxf6 gxf6 16. Nh4 {1-0 (27) Zhigalko,S (2656)-Nepomniachtchi,I (2705) Berlin 2015}) 10... Qb6 11. h3 (11. Bxd6 Nxf2 12. e5 Nxh1 $17) 11... Nge5 ({Wrong is} 11... Nxf2 $2 12. Be3 $18) 12. Bb3 O-O 13. Be3 Qc7 14. Ng5 b5 {[%cal Bb7b5,Bb5b4][%mdl 32]} 15. h4 Na5 16. Kb1 (16. f4 $11 {keeps the balance.} Nec4 17. Bd4) 16... Nec4 17. Bd4 b4 18. Na4 (18. Qh5 $2 h6 $17) 18... Bd7 19. Bxg7 $2 {White does not recover from this.} Kxg7 $19 20. Qg4 {[#] Intending Nxe6+ and mate.} Kh6 $1 21. Nxh7 $2 (21. Qf4 e5 22. Ne6+ (22. Nxf7+ $2 Kg7 $19) 22... exf4 23. Nxc7) 21... Ne5 22. Qe2 Kxh7 23. Rd3 (23. f4 $142 Ng6 {[%mdl 64] Double Attack} 24. f5) 23... Rg8 24. Qh5+ Kg7 25. Rg3+ Ng6 26. Qd1 Nxb3 27. h5 {[#]} Nd2+ $1 28. Qxd2 {[#]} Rh8 $1 29. Qxb4 {[#]} Rab8 $1 30. Qa3 {[#]} (30. Qc3+ Qxc3) 30... Qa5 $1 31. Rhh3 (31. Qc3+ Qxc3) 31... Rxh5 (31... Qe1# $142) 32. Qc3+ Qxc3 33. Nxc3 Rxh3 34. gxh3 Bf6 35. Nd1 Be5 36. Ra3 Bb5 37. b3 Nf4 38. Ne3 Ra8 39. c4 Bc6 40. f3 Bd4 41. Nc2 Bc5 42. b4 Bb6 43. h4 Ng6 44. h5 Nf4 45. Na1 Nxh5 46. Nb3 Nf4 47. c5 dxc5 48. bxc5 Bc7 49. Nd4 Bd7 50. Kc2 e5 51. Nb3 Ne6 52. Kc3 Bb5 53. Kb4 Rd8 54. Kc3 Rd3+ 55. Kb4 Rxf3 56. c6 Bd6+ {[%mdl 64] Skewer. Black mates.} 57. Ka5 Bxa3 58. c7 Nxc7 59. Nc5 Bxc5 {[%cal Rf3a3]} 60. a4 {[#]} Bxa4 $1 61. Kxa4 f5 {[%csl Gc5][%cal Rf3a3] Weighted Error Value: White=0.67/Black=0.26} 0-1

[Event "EOC-ch Playoff-B 2021"]
[Site "Online"]
[Date "2021.03.29"]
[Round "3.12"]
[White "Medvegy, Zoltan"]
[Black "Bashirli, Nail"]
[Result "1/2-1/2"]
[WhiteElo "2527"]
[BlackElo "2382"]
[Annotator "ChessBase"]
[PlyCount "95"]
[EventDate "2021.03.29"]
[EventType "team-tourn"]
[EventCountry "NET"]
[SourceTitle "playchess.com"]
[Source "ChessBase"]
[SourceQuality "1"]
[TimeControl "900+5"]

1. c4 {[%emt 0:00:00]} Nf6 {[%emt 0:00:10]} 2. Nc3 {[%emt 0:00:05]} e5 {[%emt 0:00:03]} 3. Nf3 {[%emt 0:00:02]} Nc6 {[%emt 0:00:04]} 4. e3 {[%emt 0:00:01]} Bb4 {[%emt 0:00:07]} 5. Qc2 {[%emt 0:00:02]} O-O {[%emt 0:00:12]} 6. Nd5 {[%emt 0:00:07]} Be7 {[%emt 0:00:15]} 7. Ng5 {[%emt 0:02:47]} g6 {[%emt 0:00:03]} 8. Nxe7+ {[%emt 0:00:18]} Qxe7 {[%emt 0:00:30]} 9. a3 {[%emt 0:01:48]} d5 {[%emt 0:00:27]} 10. cxd5 {[%emt 0:00:05]} Bf5 {[%emt 0:00:54]} 11. d3 {[%emt 0:00:15]} Nxd5 {[%emt 0:00:18]} 12. Ne4 {[%emt 0:00:49]} h5 {[%emt 0:02:08]} 13. h3 {[%emt 0:01:11]} Rad8 {[%emt 0:01:19]} 14. Be2 {[%emt 0:00:12]} h4 {[%emt 0:01:09]} 15. b4 {[%emt 0:01:16]} a6 {[%emt 0:01:00]} 16. Bb2 {[%emt 0:00:06]} Nf6 {[%emt 0:00:14]} 17. Nc5 {[%emt 0:00:51]} b6 {[%emt 0:02:31]} 18. Nxa6 {[%emt 0:00:24]} Rd6 {[%emt 0:00:27]} 19. b5 {[%emt 0:01:04]} e4 {[%emt 0:00:30]} 20. d4 {[%emt 0:01:03]} Nxd4 {[%emt 0:01:15]} 21. Bxd4 {[%emt 0:00:03]} Rxd4 {[%emt 0:00:02]} 22. exd4 {[%emt 0:00:57]} e3 {[%emt 0:00:02]} 23. Qxc7 {[%emt 0:01:22]} exf2+ {[%emt 0:00:02]} 24. Kxf2 {[%emt 0:00:01]} Ne4+ {[%emt 0:00:02]} 25. Kg1 {[%emt 0:00:12]} Qg5 {[%emt 0:00:01]} 26. Kh2 {[%emt 0:00:41]} Rc8 {[%emt 0:01:30]} 27. Qe5 {[%emt 0:00:03]} f6 {[%emt 0:00:01]} 28. Qd5+ {[%emt 0:00:07]} Kh8 {[%emt 0:00:27]} 29. Rhf1 {[%emt 0:00:59]} Rc2 {[%emt 0:00:50]} 30. Bf3 {[%emt 0:00:30]} Qf4+ {[%emt 0:00:32]} 31. Kg1 {[%emt 0:00:03]} Qe3+ {[%emt 0:00:01]} 32. Kh2 {[%emt 0:00:03]} Qf4+ {[%emt 0:00:02]} 33. Kg1 {[%emt 0:00:07]} Qe3+ {[%emt 0:00:05]} 34. Kh1 {[%emt 0:00:04]} Ng3+ {[%emt 0:00:20]} 35. Kh2 {[%emt 0:00:02]} Qf4 {[%emt 0:00:01]} 36. Qd8+ {[%emt 0:00:08]} Kg7 {[%emt 0:00:02]} 37. Qe7+ {[%emt 0:00:01]} Kh6 {[%emt 0:00:02]} 38. Kg1 {[%emt 0:00:11]} Qxd4+ {[%emt 0:00:08]} 39. Kh2 {[%emt 0:00:02]} Qf4 {[%emt 0:00:02]} 40. Kg1 {[%emt 0:00:08]} Bxh3 {[%emt 0:00:08]} 41. Qf8+ {[%emt 0:00:06]} Kg5 {[%emt 0:00:02]} 42. Rae1 {[%emt 0:00:03]} Qxf3 {[%emt 0:00:11]} 43. Re5+ {[%emt 0:00:06]} f5 {[%emt 0:00:11]} 44. Qd8+ {[%emt 0:00:06]} Kh5 {[%emt 0:00:07]} 45. Qh8+ {[%emt 0:00:03]} Kg5 {[%emt 0:00:02]} 46. Qd8+ {[%emt 0:00:03]} Kh5 {[%emt 0:00:03]} 47. Qh8+ {[%emt 0:00:10]} Kg5 {[%emt 0:00:01]} 48. Qd8+ {[%emt 0:00:05]} 1/2-1/2

[Event "EOC-ch Playoff-B 2021"]
[Site "Online"]
[Date "2021.03.29"]
[Round "4.1"]
[White "Bluebaum, Matthias"]
[Black "Ivanchuk, Vasyl"]
[Result "1/2-1/2"]
[WhiteElo "2670"]
[BlackElo "2678"]
[Annotator "TA"]
[PlyCount "63"]
[EventDate "2021.03.29"]
[EventType "team-tourn"]
[EventCountry "NET"]
[SourceTitle "playchess.com"]
[Source "ChessBase"]
[SourceQuality "1"]

{[%evp 12,63,15,12,21,20,14,4,4,4,8,10,5,-7,-7,-15,0,0,0,0,-6,-10,0,0,0,6,0,-26,0,-22,0,0,0,0,0,0,0,0,0,0,8,5,6,0,0,0,0,0,0,0,0,0,0,0]} 1. d4 Nf6 2. Nf3 e6 3. e3 b6 4. Bd3 Bb7 5. O-O d5 6. b3 Nbd7 7. Bb2 g6 {D05: Colle System with ...e6.} 8. c4 Bg7 9. Nc3 {[#]} c5 $146 ({Predecessor:} 9... O-O 10. cxd5 exd5 11. b4 c6 12. a4 a5 {½-½ (12) Hovhannisyan,M (2505)-Dgebuadze,A (2529) Belgium 2013}) 10. cxd5 Nxd5 11. Nxd5 Bxd5 12. e4 Bb7 13. Qe2 O-O 14. Rfd1 Qe7 15. Ba6 Bxa6 16. Qxa6 cxd4 17. Nxd4 Nc5 18. Qe2 Qb7 19. f3 a6 20. Rac1 {The position is equal.} Rac8 21. Qe3 Nd7 22. Bc3 Rc7 23. Ne2 Rfc8 24. Bxg7 (24. h4 {with more complications.} Bf8 25. Kf1 b5 26. Bb2 Rxc1 27. Nxc1 Rc2 28. Rd2) 24... Rxc1 25. Rxc1 Kxg7 26. Rxc8 Qxc8 27. Qc3+ (27. Qd4+ {is more complex.} f6 28. Qd6 Qc5+ 29. Qxc5 Nxc5 30. Kf2) 27... Qxc3 28. Nxc3 Kf6 29. Kf2 Ke7 30. Ke3 Kd6 31. Kd4 f6 32. b4 {A rather calm draw.  Weighted Error Value: White=0.03/Black=0.03} 1/2-1/2

[Event "EOC-ch Playoff-B 2021"]
[Site "Online"]
[Date "2021.03.29"]
[Round "4.2"]
[White "Lagarde, Maxime"]
[Black "Donchenko, Alexander"]
[Result "0-1"]
[WhiteElo "2640"]
[BlackElo "2678"]
[Annotator "TA"]
[PlyCount "104"]
[EventDate "2021.03.29"]
[EventType "team-tourn"]
[EventCountry "NET"]
[SourceTitle "playchess.com"]
[Source "ChessBase"]
[SourceQuality "1"]

{[%evp 21,104,-9,-7,-55,-16,-25,-18,-60,-43,-64,-46,-47,-43,-55,-37,-55,-53,-85,-84,-77,-62,-61,-75,-67,-74,-79,-85,-77,-77,-191,-141,-131,-32,-25,-11,-15,-12,-107,-109,-108,-109,-122,-112,-130,-121,-247,-130,-118,-69,-322,-322,-322,-322,-322,-323,-323,-322,-314,-322,-314,-314,-314,-314,-314,-285,-304,-238,-432,-432,-762,-747,-991,-945,-1470,-1471,-1727,-1533,-29972,-29973,-29971,-29972,-29972,-29971,-29969,-29967]} 1. e4 c6 2. d4 d5 3. Nc3 dxe4 4. Nxe4 Bf5 5. Ng3 Bg6 6. h4 h6 7. Nh3 Nf6 8. Nf4 Bh7 9. Bc4 e6 10. O-O Bd6 11. Re1 O-O 12. Bb3 {B18: Classical Caro-Kann: 4...Bf5 sidelines.} Qc7 13. Ngh5 {Threatens to win with Nxf6+.} Nbd7 14. Qf3 {The position is equal.} Bf5 15. Nxf6+ Nxf6 {[#]} 16. Nh5 $146 ({Predecessor:} 16. Nd3 Ng4 17. g3 Rad8 18. Bd2 c5 19. dxc5 Bxc5 20. Bf4 Bd6 21. Bxd6 Rxd6 22. Nf4 {½-½ (62) Risch,H-Plauth Herr,S Germany 1990}) 16... Nxh5 17. Qxh5 c5 18. dxc5 Bxc5 19. Be3 Bxe3 $1 20. Rxe3 Rad8 ({Much worse is} 20... Bxc2 21. Bxe6 fxe6 22. Rc3 $11) 21. Rd1 Rxd1+ 22. Qxd1 Rd8 23. Qe2 Rd4 24. g3 Qd7 25. Rc3 (25. Qf1 $17 {keeps fighting.}) 25... Be4 {( -> ...Rd1+)} 26. Kh2 b6 (26... b5 $17 {White must now prevent ...a5.} 27. Qe3 a5 28. Rc8+ Qxc8 29. Qxd4 Qa8) 27. Rc4 $15 Rxc4 (27... Bb7 {seems wilder.} 28. Rxd4 Qxd4 29. c3 Qc5 30. f3 Qf5) 28. Bxc4 Bb7 29. f4 (29. f3 $1 $11 {keeps the balance.}) 29... Qc6 {[%csl Gb7][%cal Rc6h1]} 30. Qf1 Qe4 $36 {[%mdl 2048] Black is really pushing.} 31. Bd3 Qe3 32. b3 {[#]} Bf3 $1 33. a4 {[#]} (33. Bc4 $17) 33... g6 (33... e5 $1 $19 34. fxe5 g5) 34. Bc4 $17 Be4 (34... Kf8 {looks sharper.} 35. Kh3 h5 36. Bb5 Ke7 37. Bd3 Kd6) 35. Qe2 $2 {[%mdl 8192]} (35. Bd3 $1 $15) 35... Qxe2+ $19 36. Bxe2 Bxc2 {[%mdl 4096] Endgame KB-KB} 37. Bc4 Kf8 38. Kg1 Ke7 39. Kf2 Kd6 40. Ke3 Kc5 41. Kd2 Be4 42. Kc3 a5 43. g4 Bd5 {Strongly threatening ...Bxc4.} 44. Bd3 (44. Be2) 44... Kd6 45. b4 (45. Bc2 $142 Bf3 46. g5 hxg5 47. hxg5) 45... e5 46. bxa5 bxa5 47. f5 g5 48. hxg5 hxg5 49. Be2 f6 {Black mates.} 50. Bd1 Kc5 51. Be2 Be4 52. Bd1 Bc6 {Weighted Error Value: White=0.67/Black=0.13} 0-1

[Event "EOC-ch Playoff-B 2021"]
[Site "Online"]
[Date "2021.03.29"]
[Round "4.5"]
[White "Vidit, Santosh Gujrathi"]
[Black "Muradli, Mahammad"]
[Result "1/2-1/2"]
[WhiteElo "2726"]
[BlackElo "2449"]
[Annotator "TA"]
[PlyCount "91"]
[EventDate "2021.03.29"]
[EventType "team-tourn"]
[EventCountry "NET"]
[SourceTitle "playchess.com"]
[Source "ChessBase"]
[SourceQuality "1"]

{[%evp 14,91,41,42,54,54,87,8,16,15,14,0,0,-8,0,-25,-10,-50,-50,-137,-136,-133,-107,-137,-138,-156,-128,-220,-117,-128,-115,-112,-109,-152,-126,-108,-113,-116,-104,-118,-92,-86,-92,-111,0,0,0,0,-4,-7,0,0,0,0,0,-1,0,0,0,0,0,0,0,0,0,0,0,0,0,0,0,0,0,0,0,0,0,0,0,0]} 1. Nf3 g6 2. d4 Bg7 3. c4 d6 4. Nc3 Nd7 5. e4 e5 6. Be2 Ne7 7. O-O O-O 8. Be3 $1 {8.Be3 is better than 8.Re1.} c5 {A42: Modern Defence: Averbakh Variation.} 9. dxc5 dxc5 10. Nd5 (10. Qd6 $16) 10... Nc6 $11 {[#]} 11. Bg5 $146 ({Predecessor:} 11. Ne1 Re8 12. Qd2 b6 13. Nd3 Nf8 14. Rfc1 Ne6 15. a3 Ned4 16. Bd1 f5 17. Bg5 {0-1 (50) Giannoulakis,L (2293)-Sorkin,I (2383) chess.com INT 2020}) 11... f6 12. Bd2 Rf7 13. Be3 b6 14. Qa4 Bb7 15. Rfd1 Nd4 16. Bxd4 (16. Re1 $15) 16... cxd4 $17 ({Don't play} 16... exd4 17. Nd2 $15) 17. b4 f5 18. Bd3 a5 19. Qc2 {[%cal Re4f5]} Rc8 20. Qb1 (20. Qe2 $17) 20... Bxd5 ({Black should try} 20... axb4 $1 $19 {aiming for ...b5!} 21. exf5 b5 22. fxg6 Rxf3 $1 23. gxf3 bxc4) 21. cxd5 {[%cal Re4f5]} fxe4 22. Bxe4 {[#]} axb4 $1 23. d6 {Black should prevent Bd5.} Rf8 24. Qxb4 Nc5 25. Qc4+ Kh8 26. Qd5 Nxe4 (26... Qf6 {with more complications.} 27. Rab1 Na4 28. d7 Rc5 29. Qb7 Qd8) 27. Qxe4 Qxd6 28. Rac1 Qa3 (28... Rc5 $17 29. Rb1 Rfc8) 29. Rxc8 $11 {The position is equal.} Rxc8 30. Nxe5 {Black must now prevent Nf7+.} Qxa2 31. Qxd4 Qe2 32. f4 Re8 {[%cal Rg7e5]} 33. Qd7 Rf8 34. Qd3 Qb2 35. Rb1 Qa2 36. g3 Bxe5 37. fxe5 {[%mdl 4096] Endgame KQR-KQR} Qf2+ 38. Kh1 Kg7 39. Qe4 Qc5 40. e6 Re8 41. Rf1 Qd6 42. Rf7+ Kg8 43. Rf6 {Threatens to win with Rxg6+!} Kg7 44. Rf7+ Kg8 45. Rf6 {Strongly threatening Rxg6+!} Kg7 46. Rf7+ {Black had all chances to win.  Weighted Error Value: White=0.17/Black=0.11} 1/2-1/2

[Event "EOC-ch Playoff-B 2021"]
[Site "Online"]
[Date "2021.03.29"]
[Round "4.6"]
[White "Mammadzada, Gunay"]
[Black "Wojtaszek, Radoslaw"]
[Result "0-1"]
[WhiteElo "2443"]
[BlackElo "2705"]
[Annotator "TA"]
[PlyCount "92"]
[EventDate "2021.03.29"]
[EventType "team-tourn"]
[EventCountry "NET"]
[SourceTitle "playchess.com"]
[Source "ChessBase"]
[SourceQuality "1"]

{[%evp 15,92,0,29,23,14,0,-26,-18,0,0,0,0,0,0,0,0,0,0,0,0,0,0,0,0,89,83,74,85,80,52,40,63,67,0,0,0,0,0,0,0,0,0,0,-97,-76,-139,-117,-128,-121,-208,-214,-203,-216,-262,-258,-259,-262,-244,-147,-145,-121,-218,-89,-104,-187,-461,-423,-560,-550,-512,-368,-2322,-2202,-3378,-2376,-29977,-2451,-29991,-29992]} 1. e4 c5 2. Nf3 d6 3. d4 cxd4 4. Nxd4 Nf6 5. Nc3 a6 6. Be3 e5 7. Nb3 Be7 8. Qd2 Be6 {was the old line (8...0-0).} 9. O-O-O {B90: Sicilian Najdorf: Unusual White 6th moves, 6 Be3 Ng4 and 6 Be3 e5.} Nbd7 10. f4 {10.f3 might become the main line.} b5 {10...Ng4 is not played anymore.} 11. Kb1 {Black has an edge.} Qc7 12. a3 Nb6 13. f5 {[#]} Bd7 $146 ({Predecessor:} 13... Bc4 14. Bxb6 Qxb6 15. g4 h6 16. Nc1 Rb8 17. b3 Bxf1 18. Rhxf1 b4 19. axb4 Qxb4 {1-0 (30) Mammadzada,G (2442)-Zaika,D (2118) Voronezh 2018}) 14. Bxb6 Qxb6 15. g4 $1 {[%cal Rg4g5] And now g5 would win.} h6 16. h4 a5 17. g5 hxg5 18. Bxb5 $1 Bxb5 19. hxg5 Nh5 (19... Rxh1 $11 20. Rxh1 Nd7) 20. Nd5 $16 Qd8 21. f6 gxf6 22. Qc3 fxg5 {...Be2 is the strong threat.} 23. Nc7+ {[%mdl 64] Double Attack} Kf8 24. Nxa8 (24. Nxb5 $14 Kg7 25. a4) 24... Qxa8 $11 25. Qf3 Kg8 $1 {Hoping for ...Nf4.} 26. Rxh5 Rxh5 27. Qxh5 {aiming for Rh1.} Qxe4 {Strongly threatening ...Be2.} 28. Rh1 {[%csl Gh1][%cal Rh5h8]} Bf6 29. Qh6 (29. Nd2 $11 Qf5 30. Qh2) 29... Bg7 $17 30. Qh3 ({White should play} 30. Nd2 Qg2 31. Qh7+ Kf8 32. Rd1) 30... g4 $36 {[%mdl 2048] Black is on the roll.} 31. Qh4 {[#]} Bf6 {[%cal Rf6h4][%mdl 512]} 32. Qh2 (32. Qh5 $17 {was forced.}) 32... Qf4 $19 33. Qg2 {Threatens to win with Qa8+.} e4 34. Rg1 Bd7 35. Rf1 Qe5 {[%csl Gf6][%cal Re5b2]} 36. c3 d5 37. Nd4 e3 38. Re1 (38. Ka1 $17 {was worth a try.}) 38... Qe4+ (38... Bh4 $19 {and Black stays clearly on top.} 39. Rh1 Bf6) 39. Qxe4 $17 dxe4 {[%mdl 4096] Endgame KRN-KB} 40. Ne2 (40. Rxe3 Bxd4 41. cxd4) 40... Bg5 41. c4 f5 42. Rf1 f4 43. Kc2 $2 (43. Rxf4 Bxf4 44. Nxf4) 43... f3 $19 44. Ng3 Bf4 45. Nh5 {[#]} Be5 (45... e2 $142 $1 46. Re1 {[#]} f2 $1 47. Rxe2 f1=Q 48. Nxf4 Qxf4 49. Rg2 e3 50. Kc3 Bf5 51. Kb3 Qf1 52. Rg1 Qxg1 53. Ka4 Bd7+ 54. Kxa5 e2 55. Ka6 e1=Q 56. b4 Qe6+ {[%mdl 64] Double Attack} 57. Kb7 Qc6+ 58. Kb8 Qc8#) 46. b4 e2 {Weighted Error Value: White=0.66/Black=0.52} 0-1

[Event "EOC-ch Playoff-B 2021"]
[Site "Online"]
[Date "2021.03.29"]
[Round "4.7"]
[White "Navara, David"]
[Black "Shahaliyev, Ismayil"]
[Result "1-0"]
[WhiteElo "2697"]
[BlackElo "2413"]
[Annotator "TA"]
[PlyCount "77"]
[EventDate "2021.03.29"]
[EventType "team-tourn"]
[EventCountry "NET"]
[SourceTitle "playchess.com"]
[Source "ChessBase"]
[SourceQuality "1"]

{[%evp 19,77,26,51,23,20,-8,-17,-36,27,23,30,30,28,18,44,24,14,17,23,27,22,0,0,0,0,0,0,-50,0,0,0,0,0,0,0,-33,0,0,0,0,15,15,8,0,0,0,87,88,915,724,741,735,29991,29992,29992,29993,29993,29994,29994,29995]} 1. d4 Nf6 2. c4 e6 3. Nc3 Bb4 4. e3 O-O 5. Bd3 c5 6. Nf3 d5 7. cxd5 exd5 8. dxc5 Nc6 9. O-O Bxc5 10. h3 a6 11. Ne2 $1 {[%mdl 4] now scores much better than the old 11.b3. E56: Nimzo-Indian: Rubinstein: Main Line: 7...Nc6.} Ne4 {[#]} 12. b3 $146 ({Predecessor:} 12. Nf4 Nf6 13. Bd2 Re8 14. Rc1 Bd6 15. Bb1 Bxf4 16. exf4 d4 17. Qb3 Qd5 18. Qxd5 Nxd5 {1-0 (36) Naiditsch,A (2706)-Poetsch,H (2482) Deizisau 2014}) 12... Qf6 13. Rb1 {The position is equal.} Bf5 (13... Re8 $15) 14. Bb2 $11 Qh6 15. Nfd4 Bd7 16. Nxc6 Bxc6 17. Nd4 Bd7 18. Qc2 Rac8 19. Bxe4 {Black must now prevent Nf5.} Bxd4 20. Bxh7+ Kh8 21. Bxd4 Rxc2 22. Bxc2 Rc8 23. Rbc1 Qg5 {aiming for ...Bxh3.} (23... Bxh3 $5 {[%cal Rh6g5]} 24. Bd3 (24. gxh3 $2 Rxc2 {[%mdl 64] Remove Defender, Decoy} 25. Rxc2 Qg6+ {[%mdl 64] Double Attack} 26. Kh1 Qxc2 $19) 24... Qg5 25. Rxc8+ Bxc8 $15) 24. Kh2 Bf5 25. f4 Qg6 26. Bxf5 Qxf5 27. a4 b5 28. axb5 axb5 29. Ra1 Rc2 30. Rf3 {Strongly threatening Rg3.} Rc7 31. Ra8+ Kh7 $1 32. Rb8 (32. Rg3 {is interesting.} f6 33. b4 Qd7 34. Bc5 Rc8 35. Ra6) 32... Qd3 {[#]} (32... b4 $11) 33. f5 $1 $16 {Threatens to win with Rf4.} Re7 $2 {[%mdl 8192] Loses the game.} (33... Qxb3 34. Rf4 Qxe3 35. Bxe3 Rc4 36. Bd4 Rxd4 37. Rxd4 g6 38. Rxd5) (33... Qc2 $16) 34. f6 gxf6 35. Rxf6 Qxb3 {[#]} 36. Rh8+ $3 {[%mdl 512] White mates.} Kg7 37. Rfh6+ f6 38. Bxf6+ Kf7 39. R8h7+ {Weighted Error Value: White=0.09/Black=0.42} 1-0

[Event "EOC-ch Playoff-B 2021"]
[Site "Online"]
[Date "2021.03.29"]
[Round "4.9"]
[White "Mamedyarov, Shakhriyar"]
[Black "Kryvoruchko, Yuriy"]
[Result "1-0"]
[WhiteElo "2770"]
[BlackElo "2699"]
[Annotator "TA"]
[PlyCount "59"]
[EventDate "2021.03.29"]
[EventType "team-tourn"]
[EventCountry "NET"]
[SourceTitle "playchess.com"]
[Source "ChessBase"]
[SourceQuality "1"]

{[%evp 9,59,-8,21,20,15,15,0,0,22,20,16,10,13,15,13,0,16,14,35,22,20,18,26,0,31,33,12,12,5,0,12,-25,0,0,0,0,0,0,50,52,160,176,133,154,205,206,288,293,284,266,449,442]} 1. e4 e5 2. Nc3 Nf6 3. d4 exd4 4. Qxd4 Nc6 5. Qd3 Bb4 6. Bd2 {C26: Vienna Game: 2...Nf6, sidelines .} O-O 7. O-O-O Re8 8. Nge2 $1 {[%mdl 4] The position is equal. is currently scoring better than 8.Qg3.} d6 9. Bg5 h6 10. Bxf6 Qxf6 11. Nd5 Qd8 ({Of course not} 11... Qxf2 $6 12. Nxc7 Bd7 13. Nxa8 $16) 12. Nxb4 Nxb4 {[#]} 13. Qd2 $146 {[%cal Rd2b4]} ({Predecessor:} 13. Qd4 c5 14. Qe3 Nxa2+ 15. Kb1 Nb4 16. c3 Nc6 17. Nf4 Ne5 18. Nd5 f5 19. f4 {0-1 (37) Spencer,E (2038)-Mannion,S (2342) Dundee 2012}) 13... Nc6 ({Much weaker is} 13... Nxa2+ $6 14. Kb1 $16) 14. Nc3 a6 15. f3 b5 16. Kb1 Be6 17. h4 Ne5 18. b3 b4 19. Nd5 a5 20. Ne3 Qf6 21. Bb5 c6 22. Ba4 Red8 $1 23. Rhf1 Qf4 24. Qe1 Bd7 (24... h5 $14) 25. g3 $16 Qf6 26. f4 $36 {[%mdl 2048] White has strong initiative.} Ng4 (26... Ng6 $16 {was worth a try.} 27. e5 dxe5) 27. e5 $1 $18 {[%cal Re5f6]} dxe5 {[#]} 28. Rxd7 $1 {[%mdl 576] Remove Defender} Rxd7 29. Nxg4 Qd8 (29... Qe6 30. Nxe5 Rd6) 30. Bxc6 {Weighted Error Value: White=0.02/Black=0.27} 1-0